[Event "Titled Tuesday intern op 06th May Early"]
[Site "Chess.com INT"]
[Date "2025.05.06"]
[Round "1"]
[White "Estrada Nieto, Julian"]
[Black "Shankland, Samuel L"]
[Result "1-0"]
[WhiteElo "2173"]
[BlackElo "2666"]
[PlyCount "59"]
[EventDate "2025.05.06"]
[EventType "swiss (blitz)"]
[EventRounds "11"]
[EventCountry "USA"]
[SourceTitle "CB20_2025"]
[SourceDate "2025.05.14"]
[SourceVersion "1"]
[SourceVersionDate "2025.05.14"]
[SourceQuality "1"]

1. e4 c6 2. d4 d5 3. Nc3 dxe4 4. Nxe4 Bf5 5. Ng3 Bg6 6. h4 h6 7. Nf3 Nd7 8. h5 Bh7 9. Bd3 Bxd3 10. Qxd3 e6 11. Bd2 Ngf6 12. 0-0-0 Be7 13. Qe2 Qb6 14. Ne5 Rd8 15. Kb1 0-0 16. c4 c5 17. Bc3 cxd4 18. Bxd4 Qc7 19. Ng6 Rfe8 20. Nxe7+ Rxe7 21. Nf5 Ree8 22. Ne3 Qc6 23. f3 e5 24. Bc3 e4 25. f4 Nc5 26. Bxf6 Qxf6 27. Nd5 Qd6 28. g4 Nd3 29. Qe3 Qxd5 30. cxd5 1-0

[Event "Titled Tuesday intern op 06th May Early"]
[Site "Chess.com INT"]
[Date "2025.05.06"]
[Round "3"]
[White "Vetoshko, Volodymyr"]
[Black "Estrada Nieto, Julian"]
[Result "1-0"]
[WhiteElo "2517"]
[BlackElo "2173"]
[PlyCount "39"]
[EventDate "2025.05.06"]
[EventType "swiss (blitz)"]
[EventRounds "11"]
[EventCountry "USA"]
[SourceTitle "CB20_2025"]
[SourceDate "2025.05.14"]
[SourceVersion "1"]
[SourceVersionDate "2025.05.14"]
[SourceQuality "1"]

1. e4 e5 2. Nf3 Nc6 3. Nc3 Nf6 4. a3 g6 5. Bc4 Bg7 6. d3 0-0 7. h4 d6 8. h5 Nxh5 9. Bg5 Bf6 10. Bxf6 Qxf6 11. Nd5 Qd8 12. Qd2 Bg4 13. Qh6 Bxf3 14. gxf3 Nd4 15. Rxh5 gxh5 16. 0-0-0 Ne2+ 17. Kd2 Kh8 18. Nf6 Qxf6 19. Qxf6+ Kg8 20. Kxe2 1-0

[Event "Titled Tuesday intern op 01st Apr Late"]
[Site "Chess.com INT"]
[Date "2025.04.01"]
[Round "9"]
[White "Estrada Nieto, Julian"]
[Black "Yazici, Ugur Doga"]
[Result "1-0"]
[WhiteElo "2156"]
[BlackElo "2161"]
[PlyCount "69"]
[EventDate "2025.04.01"]
[EventType "swiss (blitz)"]
[EventRounds "11"]
[EventCountry "USA"]
[SourceTitle "CB15_2025"]
[SourceDate "2025.04.09"]
[SourceVersion "1"]
[SourceVersionDate "2025.04.09"]
[SourceQuality "1"]

1. e4 c5 2. Nf3 d6 3. Bb5+ Nd7 4. d4 cxd4 5. Qxd4 a6 6. Bxd7+ Bxd7 7. Nc3 e5 8. Qd3 h6 9. Nd2 Nf6 10. Nc4 Be6 11. Ne3 Rc8 12. 0-0 Be7 13. Rd1 0-0 14. a4 Qc7 15. a5 Rfd8 16. Bd2 Qc6 17. Ncd5 Bxd5 18. exd5 Qc7 19. c4 Nd7 20. Nf5 Bf6 21. Rac1 Nc5 22. Qg3 Kh8 23. Bb4 e4 24. b3 Be5 25. Qh3 Nd3 26. Rxd3 exd3 27. Qxd3 Qd7 28. g3 Re8 29. Kg2 Qd8 30. f4 Bf6 31. Nxd6 Be7 32. Nxf7+ Kg8 33. Nxd8 Bxb4 34. Ne6 Rcd8 35. Nxd8 1-0

[Event "Titled Tuesday intern op 11th Mar Early"]
[Site "Chess.com INT"]
[Date "2025.03.11"]
[Round "3"]
[White "Estrada Nieto, Julian"]
[Black "Martine, Jean Christophe"]
[Result "1-0"]
[WhiteElo "2156"]
[BlackElo "2000"]
[PlyCount "65"]
[EventDate "2025.03.11"]
[EventType "swiss (blitz)"]
[EventRounds "11"]
[EventCountry "USA"]
[SourceTitle "CB12_2025"]
[SourceDate "2025.03.19"]
[SourceVersion "1"]
[SourceVersionDate "2025.03.19"]
[SourceQuality "1"]

1. e4 e6 2. d4 d5 3. Nd2 Nf6 4. e5 Nfd7 5. Bd3 c5 6. c3 Nc6 7. Ne2 Qb6 8. Nf3 cxd4 9. cxd4 f6 10. exf6 Nxf6 11. 0-0 Bd6 12. b3 Bd7 13. Bf4 Qc7 14. Bxd6 Qxd6 15. Rc1 Rc8 16. Qd2 0-0 17. Qf4 Ne4 18. Qxd6 Nxd6 19. Ne5 Nxe5 20. dxe5 Nf5 21. Bxf5 Rxf5 22. Rxc8+ Bxc8 23. Rc1 Bd7 24. f4 Kf8 25. Rc7 Bc6 26. Nd4 Rf7 27. Nxe6+ Ke8 28. Nxg7+ Kf8 29. Ne6+ Ke8 30. Rxf7 Kxf7 31. Nd4 Bd7 32. f5 Bc8 33. Kf2 1-0

[Event "Titled Tuesday intern op 11th Mar Late"]
[Site "Chess.com INT"]
[Date "2025.03.11"]
[Round "6"]
[White "Stefansson, Hannes"]
[Black "Estrada Nieto, Julian"]
[Result "0-1"]
[WhiteElo "2444"]
[BlackElo "2156"]
[PlyCount "108"]
[EventDate "2025.03.11"]
[EventType "swiss (blitz)"]
[EventRounds "11"]
[EventCountry "USA"]
[SourceTitle "CB12_2025"]
[SourceDate "2025.03.19"]
[SourceVersion "1"]
[SourceVersionDate "2025.03.19"]
[SourceQuality "1"]

1. e4 e5 2. Nf3 Nc6 3. Bb5 a6 4. Ba4 Nf6 5. 0-0 Be7 6. Re1 b5 7. Bb3 d6 8. c3 0-0 9. h3 Bb7 10. d4 Re8 11. Nbd2 Bf8 12. a3 h6 13. Bc2 Nb8 14. b3 Nbd7 15. Bb2 Rb8 16. Rb1 g6 17. d5 c6 18. c4 bxc4 19. bxc4 Nc5 20. Bc3 Nh5 21. Nf1 Qc7 22. Ne3 Nf4 23. h4 cxd5 24. exd5 Bc8 25. Rxb8 Qxb8 26. g3 Nh5 27. Nd2 Nf6 28. Qf3 Bg7 29. Kg2 h5 30. Bb4 Qc7 31. Nb3 e4 32. Qe2 Nfd7 33. Nxc5 Nxc5 34. Rh1 a5 35. Bd2 Ba6 36. g4 hxg4 37. h5 f5 38. Nxg4 fxg4 39. Qxg4 gxh5 40. Qxh5 Qf7 41. Qh7+ Kf8 42. Rh4 Qf3+ 43. Kg1 e3 44. fxe3 Rxe3 45. Bxe3 Qxe3+ 46. Kg2 Qe2+ 47. Kg3 Be5+ 48. Rf4+ Bxf4+ 49. Kxf4 Qf2+ 50. Kg4 Qg2+ 51. Kf4 Qf2+ 52. Kg4 Qf6 53. Bg6 Bc8+ 54. Kh5 Qg7 0-1

[Event "Titled Tuesday intern op 04th Mar Early"]
[Site "Chess.com INT"]
[Date "2025.03.04"]
[Round "11"]
[White "Estrada Nieto, Julian"]
[Black "Shandrygin, Nikita"]
[Result "0-1"]
[WhiteElo "2156"]
[BlackElo "2209"]
[PlyCount "90"]
[EventDate "2025.03.04"]
[EventType "swiss (blitz)"]
[EventRounds "11"]
[EventCountry "USA"]
[SourceTitle "CB11_2025"]
[SourceDate "2025.03.12"]
[SourceVersion "1"]
[SourceVersionDate "2025.03.12"]
[SourceQuality "1"]

1. e4 c5 2. Nf3 e6 3. g3 Nc6 4. Bg2 d5 5. exd5 exd5 6. d4 cxd4 7. 0-0 Bc5 8. Nbd2 Nge7 9. Nb3 Bb6 10. Nfxd4 0-0 11. Be3 Ne5 12. h3 Nc4 13. Bc1 Bd7 14. c3 Re8 15. Re1 Rc8 16. Re2 Nd6 17. Bf4 Ne4 18. Qd3 Ng6 19. Rae1 Nxf4 20. gxf4 Qh4 21. Qe3 Bc7 22. f5 h6 23. Qf3 Re5 24. Qg4 Qf6 25. Bxe4 dxe4 26. Rxe4 Rce8 27. Rxe5 Rxe5 28. Rxe5 Qxe5 29. Kf1 a5 30. Qf3 a4 31. Nd2 Bb5+ 32. Nxb5 Qxb5+ 33. Kg2 Qxb2 34. Nc4 Qxa2 35. Qd5 Qb3 36. Qc5 b5 37. Nd6 Bxd6 38. Qxd6 Qc4 39. Qd8+ Kh7 40. Qe7 Qd5+ 41. Kg1 Qxf5 42. Qb4 Qg5+ 43. Kf1 Qf5 44. Kg2 Qd5+ 45. Kf1 Qc4+ 0-1